<?xml version="1.0" encoding="UTF-8"?>
<marc:record xmlns:marc="http://www.loc.gov/MARC21/slim">
   <marc:leader>00000nam a2200000 a 4500</marc:leader>
   <marc:datafield ind1="1" ind2=" " tag="100">
      <marc:subfield code="a">Bauer, Insa</marc:subfield>
      <marc:subfield code="4">aut</marc:subfield>
      <marc:subfield code="e">Verfasser/-in</marc:subfield>
   </marc:datafield>
   <marc:datafield ind1="0" ind2="0" tag="245">
      <marc:subfield code="a">Die City Agents auf heißer Spur</marc:subfield>
   </marc:datafield>
   <marc:datafield ind1=" " ind2="1" tag="264">
      <marc:subfield code="a">Münster</marc:subfield>
      <marc:subfield code="b">Coppenrath</marc:subfield>
      <marc:subfield code="c">2015</marc:subfield>
   </marc:datafield>
   <marc:datafield ind1="1" ind2=" " tag="520">
      <marc:subfield code="a">Angaben aus der Verlagsmeldung

Die City Agents auf heißer Spur / von Insa Bauer

Die City Agents – das sind Laura, Moritz, Marie und Alexander alias Lexi. Gemeinsam mit dem Vater von Laura und Moritz reisen sie in die spannendsten Städte Europas. Und egal, wo sie gerade sind, es wartet immer ein aufregender Fall auf die jungen Detektive: In London kommen sie einem Erpresser auf die Spur, in Amsterdam verfolgen sie eine Bande aus Bootsdieben. In Paris beobachten die Freunde eine verdächtige Übergabe und in Berlin sorgt eine geheimnisvolle Botschaft für Verwirrung. Gelingt es den City Agents, jeden Fall zu lösen?

Dieser Sammelband bietet perfektes Lesefutter für alle jungen Rätselknacker – zum Taschengeldpreis!
</marc:subfield>
   </marc:datafield>
   <marc:datafield ind1=" " ind2=" " tag="020">
      <marc:subfield code="a">9783649666721</marc:subfield>
      <marc:subfield code="9">9783649666721</marc:subfield>
   </marc:datafield>
   <marc:datafield ind1=" " ind2=" " tag="300">
      <marc:subfield code="a">359 S.</marc:subfield>
   </marc:datafield>
</marc:record>
